000 03988cam a22012014i 4500
003 PE-LiUPU
005 20250813185430.0
008 190528s2018 sp a rb 000 0 spa d
020 _a8420567132
020 _a9788420567136
035 _a(Sirsi) a252220
049 _aPRUA
082 0 4 _a378.17
_bE34
_220
100 1 _aEizaguirre, Almudena,
_eautor.
245 1 0 _aInnovación docente en educación superior :
_bbuenas prácticas que nos inspiran /
_cAlmudena Eizaguirre [y otros treinta y siete].
264 1 _aMadrid :
_bPearson educación,
_c2018.
300 _ax, 286 páginas :
_bilustraciones ;
_c24 centímetros
336 _atext
_2rdacontent
337 _aunmediated
_2rdamedia
338 _avolume
_2rdacarrier
504 _aBibliografía al final de cada capítulo.
505 0 _aEl aprendizaje basado en competencias en educación superior -- El vídeo como herramienta de aprendizaje -- La resolución de problemas a travéz de la combinación de los aprendizajes significativo y dialógico -- La reflexión diaria como herramienta facilitadora del aprendizaje -- El aprendizaje a travéz de proyectos suprasignaturas en el contexto real -- El uso de recursos multimodales e hipertextuales para el aprendizaje -- La entrevista autobiográfica como herramienta de aprendizaje -- El uso del blog como facilitador del aprendizaje -- El aprendizaje basado en problemas (ABP) como metodología docente -- El desarrollo de la competencia comunicación oral -- La supervisión pedagógica como apoyo al aprendizaje -- Programas de inmersión para el desarrollo de la competencia intercultural -- Los juegos de rol como estrategia de enseñanza-aprendizaje en educación superior -- La enseñanza en parejas: dos docentes en el aula -- Aprendizaje interdisciplinar a travéz de un caso -- Coordinación del profesorado para un aprendizaje de calidad -- Las series de televisión como metodología docente -- Perfil social y digital del estudiante investigador.
526 _aP202
526 _aP201
526 _aP163
526 _aP162
526 _aP161
526 _aP160
526 _aP148
526 _aP147
526 _aP146
526 _aP145
526 _aP144
526 _aP143
526 _aP142
526 _aP141
526 _aP140
526 _aP139
526 _aP138
526 _aP137
526 _aP136
526 _aP135
526 _aP134
526 _aP133
526 _aP129
526 _aP128
526 _aP127
526 _aP120
526 _aP119
526 _aP118
526 _aP116
526 _aP115
526 _aP114
526 _aP110
526 _aP109
526 _aP108
526 _aP104
526 _aP103
526 _aP102
526 _aP99
526 _aP98
526 _aP97
526 _aP96
526 _aP95
526 _aP93
526 _aP90
526 _aP89
526 _aP88
526 _aP83
526 _aP82
526 _aP62
526 _aP59
526 _aP58
526 _aP57
526 _aP51
526 _aP49
526 _aP48
526 _aP47
526 _aP29
526 _aP24
526 _aP20
526 _aP19
526 _aP17
526 _aP15
526 _aP14
526 _aP12
526 _aP10
526 _aP09
526 _aP08
526 _aP07
526 _aP06
526 _aP05
526 _aP04
526 _aP01
650 0 4 _aInnovaciones educativas
_xEducación superior
_vEstudios y conferencias.
910 _adbm
_brrch
_crrch
_d20190528
910 _adbm
_brrch
_crrch
_d20190704
942 _2ddc
_cBOOK
994 _aC0
_bPEPRU
596 _a1
999 _a378.17 E34
_wDEWEY
_c31466
_i80320
_d31466
_f2021-11-8
_g3
_lCCODEBUL1
_mBUL
_p28.00
_r0
_sY
_tBOOK
_u2019-5-28
_xEDUCACION
_zALL
_0DONACION
_o.STAFF. Colección Ciencias Humanas y Educación
980 _81
_gALBERTO SANCHEZ Responsable de Automatización